000 01330nam a2200337 4500
001 29160
003 BD-RjUL
005 20211209051359.0
008 140402s1953 enkabch b 00100 eng c
035 _a(BD-RjUL)29245
040 _aMichigan. Univ. Libr.
_cDLC
_dm.c.
_dBOS
_dBD-RjUL
_beng
041 _aeng
082 _2942.2
_aHIS V-7 1953
245 0 2 _aA History of Wiltshire /
_cedited by R.B. Pugh and Elizabeth Crittall.
_nVOLUME SEVEN
260 _aLondon :
_bPublished for the Institute of Historical Research by Oxford University Press,
_c1953.
300 _axix, 241 p. ;
_bill.,
_c31 cm.
500 _aVol. 7 has title Victoria history of Wiltshire.
500 _aVol. 1, pt. 2, 4-6, 8-10 edited by Elizabeth Crittall; v. 11-<14> edited by D.A. Crowley.
504 _aBibliographical footnotes.
651 0 _aWiltshire (England)
_xHistory.
_989011
651 0 _aWiltshire (England)
_xAntiquities.
_989012
700 1 0 _aPugh, Ralph Bernard,
_d1910-
_989013
700 1 0 _aCrittall, Elizabeth.
_989014
700 1 0 _aCrowley, D. A.
_989015
710 2 0 _aUniversity of London.
_bInstitute of Historical Research.
_94277
740 0 _aVictoria history of Wiltshire.
942 _2ddc
_cBK
999 _c29160
_d29160